| 000 | 03805nab a22006257 4500 | ||
|---|---|---|---|
| 003 | AR-RoUNA | ||
| 022 | _a0327-9022 | ||
| 040 |
_aAR-RoUNA _bspa |
||
| 041 | _aspa | ||
| 044 | _aag | ||
| 245 |
_aSumma + _bEspacio Público |
||
| 260 |
_aBuenos Aires , _c1993 |
||
| 300 |
_a128 p. : _bil. byn. _bplanos _c34 X25 cm. |
||
| 505 | 0 | _tINDICE | |
| 505 | 0 | _tESPACIO PUBLICO | |
| 505 | 0 | _aFernandez Castro Javier / Conceptos y Calificaciones. p. 4 | |
| 505 | 0 | _aBOZA-MACCHI-VILA-Estudio VSV / Centro de Justicia de Santiago de Chile, 2005. p. 4 | |
| 505 | 0 | _aMarc Angelil y Cary Siress / Shanghai: El monopolio del Planeamiento. p. 20 | |
| 505 | 0 | _aDESDE EL BORDE / Arq. Rubén Edgardo Cabrera. Nueva Costanera ciudad de Paraná, Entre Ríos, 2004. p. 26 | |
| 505 | 0 | _aFelicidad Paris Benito y María José De la Fuente / Bahía Bristol. Puesta en valor de la obra pública de Bustillo, Mar del Plata. p. 32 | |
| 505 | 0 | _aPablo Allard y José Rosas / Parque inundable la Aguada. Recuperando un Río Urbano Postindustrial en Santiago de Chile. p. 38 | |
| 505 | 0 | _aRaíces Culturales / Undurraga y Deves arquitectos. Centro Cultural Palacio de la Moneda, Chile, 2005. p. 46 | |
| 505 | 0 | _aGuillermina Abeledo / El Dominio de lo Latente. Plaza de Cisneros. p. 54 | |
| 505 | 0 | _aJuan Manuel Pelaez Freidel y Luis Fernando Peláez / Plaza de Cisneros, Medellín, Colombia 2003 - 2005. p. 54 | |
| 505 | 0 | _aLorenzo Castro Jaramillo, Juan Camilo Santamaría Delgado, Parque del agua, Santander, Colombia, 2004. p. 60 | |
| 505 | 0 | _aJuan Felipe Uribe De Bedout / Conjunto Urbano Parque de los Deseos, Medellín, Colombia, 2003. p. 62 | |
| 505 | 0 | _aMartín Di Peco / Elementos de lo Publico. Posibilidad Asociativas y performáticas de la Arquitectura, a través de dos obras del Estudio Colombiano Plan B. p. 66 | |
| 505 | 0 | _tURBANISMO | |
| 505 | 0 | _aGuiraldes Pablo / Un movimiento por la ciudad. p. 68 | |
| 505 | 0 | _aA la Altura de los Ángeles / AGPS ARCHITECTURE. Teleférico de Portland, Oregón, Estados Unidos, 2007. p. 72 | |
| 505 | 0 | _aGRUPO ENTORNO. Concepto de ciudad Transitable. Bosque Temporal / Ecosistema Urbano. ECOBULEVAR DE VALLECAS. 2005 ( Madrid - España). p 78 | |
| 505 | 0 | _aBOSQUE TEMPORAL. Ecosistema Urbano. ECOBULEVAR DE VALLECAS. Grupo Entorno, Madrid, España,. 2005. p. 78 | |
| 505 | 0 | _aPERSIANA ONDULENTE. Nardi Associates LLP / Puente Dos Lagos, California, Estados Unidos, 2005. p. 84 | |
| 505 | 0 | _aPASEO SOBRE EL AGUA. Cecil Balmod / Puente Peatonal Pedro e Inés, Coimbra, Portugal, 2006. p. 90 | |
| 505 | 0 | _aElvira Fernandez y Sandra Ballesio / Alta en el cielo. El concurso de anteproyectos de 1940. Monumento Nacional a la Bandera. p. 96 | |
| 505 | 0 | _aDi Peco / Grietas en la ciudad. p. 106 | |
| 505 | 0 | _aO Gradyu / Una mirada a la arquitectura actual. p. 108 | |
| 505 | 0 | _aCiro Najle / Protocolos de Barrios cerrados. p. 110 | |
| 505 | 0 | _aIglesia Rafael / Golpe a golpe (Herrería Art-Deco y Art nouveau). p 116 | |
| 505 | 0 | _aFernando Diez / Encuentro con Saskia Sassen. Foro Holcim Shanghai 2007. p. 118 | |
| 505 | 0 | _aRoberto Fernández / Utzon o el norte cálido. p. 123 | |
| 505 | 0 | _aMario Sabugo / Devorame otra vez. p. 126 | |
| 505 | 0 | _aEladio Dieste, Iglesia de Atlántida, Uruguay, 1958. p.126 | |
| 505 | 0 | _aOscar Niemeyer / Casa do baile Pampulha, Minas Gerais, Brasil, 1942. p. 126 | |
| 505 | 0 | _tPOST-SCRIPTUM | |
| 505 | 0 | _aZein Ruth Verde / Sobre Arquitectura: un clásico que nació impertinente. p. 128 | |
| 650 | _aArquitectura contemporánea | ||
| 650 |
_aEspacio público _9333 |
||
| 651 |
_a _924164 |
||
| 773 | 0 |
_aSumma+ _dBuenos Aires, Argentina _gNº89 (sep-nov 2007), p. 128 _x0327-9022 |
|
| 908 | _aImp | ||
| 942 |
_2udc _cART |
||
| 945 |
_aMBP _d2022-07-08 |
||
| 980 |
_85 _gMaría Machado _61 _aMBP |
||
| 999 |
_c12062 _d12062 |
||